LEADER 04862 am 2200961 n 450 001 9910350190903321 005 20190131 010 $a2-7297-1086-8 024 7 $a10.4000/books.pul.19255 035 $a(CKB)4100000009845488 035 $a(FrMaCLE)OB-pul-19255 035 $a(oapen)https://directory.doabooks.org/handle/20.500.12854/55578 035 $a(PPN)241657105 035 $a(EXLCZ)994100000009845488 100 $a20191118j|||||||| ||| 0 101 0 $afre 135 $auu||||||m|||| 181 $ctxt$2rdacontent 182 $cc$2rdamedia 183 $acr$2rdacarrier 200 14$aLes Palais dans la ville $eEspaces urbains et lieux de la puissance publique dans la Méditerranée médiévale /$fPatrick Boucheron, Jacques Chiffoleau 210 $aLyon $cPresses universitaires de Lyon$d2019 215 $a1 online resource (350 p.) 311 $a2-7297-0747-6 330 $aDistance et défiance, intégration ou intimidation : les rapports qu'entretiennent les palais, sièges de la puissance souveraine, au tissu urbain qui les environne disent toujours quelque chose de la relation politique du souverain à ses sujets. Mais si les palais médiévaux ont fait l'objet, ces dernières années, d'enquêtes attentives, leur insertion dans l'univers urbain a beaucoup moins retenu les historiens et, paradoxalement, l'enjeu qu'ils représentent désormais dans la politique du patrimoine et l'économie du tourisme ne contribue pas toujours à les rapprocher des citadins qui vivent quotidiennement près d'eux. Le cas du palais des Papes et de la ville d?Avignon, où se sont déroulées les rencontres scientifiques à l'origine à ce volume, est à cet égard emblématique. C?est une double lecture, archéologique et urbanistique d?une part, idéologique et politique de l?autre, que proposent les essais rassemblés dans ce livre. Aucun ne cherche à tout prix à analyser les monuments étudiés comme des « manifestations architecturales » de phénomènes politiques connus par ailleurs car le rapport qu?entretiennent les lieux de la puissance et les sociétés citadines peut, dans bien des cas, infléchir ou nuancer, redéfinir ou masquer le lien politique. Sans se contenter d?une simple lecture interprétative des configurations urbaines, chaque auteur cherche donc à éclairer l?articulation, au sol et dans l?espace, du palais à la ville aussi bien par l?analyse archéologique que par celle des textes, des traités théoriques ou des actes de la pratique qui expriment la souveraineté. Le comparatisme est toujours ici d'un puissant secours. L'espace géographique retenu est donc vaste puisqu'il comprend la France du Sud, l?Italie communale, seigneuriale et princière (notamment, bien entendu, l?Italie centrale pontificale), l?Espagne chrétienne et musulmane, le Maroc des villes impériales. De la confrontation de différentes configurations d?espaces et de pouvoirs dans les mondes? 517 $aPalais dans la ville 606 $aUrban Studies 606 $aArchaeology 606 $aHistory 606 $apalais 606 $asouverain 606 $amonarchie 606 $aurbanisme 606 $aurbain 606 $acitadin 606 $aville 606 $aarchitecture 606 $aville médiévale 610 $amonarchie 610 $acitadin 610 $aurbanisme 610 $aville 610 $asouverain 610 $apalais 610 $aville médiévale 610 $aurbain 610 $aarchitecture 615 4$aUrban Studies 615 4$aArchaeology 615 4$aHistory 615 4$apalais 615 4$asouverain 615 4$amonarchie 615 4$aurbanisme 615 4$aurbain 615 4$acitadin 615 4$aville 615 4$aarchitecture 615 4$aville médiévale 700 $aAugenti$b Andrea$0163294 701 $aBarrucand$b Marianne$0217412 701 $aBois$b Michèle$01232400 701 $aBoucheron$b Patrick$0140238 701 $aCarru$b Dominique$01323833 701 $aChiffoleau$b Jacques$0163266 701 $aCómez$b Rafael$01323834 701 $aCrouzet-Pavan$b Élisabeth$0153045 701 $aCuello$b Antonio Malpica$01323835 701 $aFrati$b Marco$0726621 701 $aGarzella$b Gabriella$0222976 701 $aGuichard$b Pierre$015630 701 $aLemut$b Maria Luisa Ceccarelli$01323836 701 $aLe Pogam$b Pierre-Yves$01323837 701 $aMartin$b Jean-Marie$0343860 701 $aPoisson$b Jean-Michel$090249 701 $aTheis$b Valérie$0616987 701 $aBoucheron$b Patrick$0140238 701 $aChiffoleau$b Jacques$0163266 801 0$bFR-FrMaCLE 906 $aBOOK 912 $a9910350190903321 996 $aLes Palais dans la ville$93035855 997 $aUNINA LEADER 01157nam0 22003011i 450 001 UON00263277 005 20231205103722.321 010 $a97-279-5058-2 100 $a20050426d2003 |0itac50 ba 101 $apor 102 $aPT 105 $a||||0 ||||| 200 1 $aActas da Maianga$e[dizer da(s) guerra(s)(,) em Angola (?)]$fRuy Duarte de Carvalho 210 $aLisboa$cCotovia$dc2003 215 $a294 p.$d21 cm. 410 1$1001UON00265814$12001 $aLivros Cotovia$1210 $aLiboa$cCotovia 606 $aANGOLA$xPolitica e governo$x1975-$3UONC024804$2FI 606 $aAngola$xStoria$x1975-2002$3UONC056867$2FI 620 $aPT$dLisboa$3UONL003135 676 $a967.3$cSTORIA DELL'ANGOLA$v21 700 1$aCARVALHO$bRuy Duarte : de$3UONV045469$0662528 712 $aCotovia$3UONV259300$4650 801 $aIT$bSOL$c20250530$gRICA 899 $aSIBA - SISTEMA BIBLIOTECARIO DI ATENEO$2UONSI 912 $aUON00263277 950 $aSIBA - SISTEMA BIBLIOTECARIO DI ATENEO$dSI Port Africa 070 $eSI DC 93 5 070 996 $aActas da Maianga$91236752 997 $aUNIOR